étymologie médical des organes (Part.1) - Statistiques

Statistiques générales
  • Ce quiz a été pris 1 540 fois
  • Le résultat moyen est 11 sur 15
Statistiques - réponses
Hint Réponse % Correct
Card(i)(o) Coeur
99%
Cérébr(o) Cerveau
98%
Derm(o)/ Dermato Peau
97%
Artéri(o) Artère
96%
Mamm(o)/ Mast(o) Sein
92%
Broch(o) Bronche
87%
Hépat(o) Foie
83%
Col(o) Colon
82%
Néphr(o) Rein
79%
Gingiv(o) Gencive
70%
Entér(o) Intestin
68%
My/ myo muscle
60%
Angi(o) Vaisseau
38%
Cholécyst(o) Vésicule biliaire
38%
Més(o)/ Mésenter(o) Intéstin grêle
11%
Aucun quiz correspondant
Distribution des résultats
% des personnes avec chaque résultat
Percentile par nombre de réponses
Votre historique - résultats
Vous n’avez pas pris ce quiz